000 00823cam a22002771 4500
001 7032810
003 OSt
005 20230621163437.0
008 750331s1962 xx 000 0 eng
010 _a 62002134
015 _aGB62-2602
035 _a(OCoLC)1245265
040 _aDLC
_cOAU
_dUk
_dDLC
042 _apremarc
050 0 0 _aJN688
_b.C47
082 _a328.42
_bCHE
100 1 _aChester, Daniel Norman,
_cSir.
245 1 0 _aQuestions in Parliament,
_cby D. N. Chester and Nona Bowring.
260 _aOxford,
_bClarendon Press
_c[1962]
300 _a335 p.
_c23 cm.
504 _aIncludes bibliography.
610 1 0 _aGreat Britain.
_bParliament.
_bHouse of Commons
_xRules and practice.
700 1 _aBowring, Nona,
_ejoint author.
906 _a7
_bcbc
_coclcrpl
_du
_encip
_f19
_gy-gencatlg
942 _2ddc
_cBK
999 _c2307
_d2307